| 000 | 00630nam a22002177a 4500 | ||
|---|---|---|---|
| 003 | OSt | ||
| 005 | 20140310182952.0 | ||
| 008 | 130206t xxu||||| |||| 00| 0 eng d | ||
| 020 | _a9789715425858 | ||
| 050 |
_aPL5535 _b.Ab116 2008 |
||
| 082 |
_aFIL 899.210301 _bU65 2008 |
||
| 245 |
_aUpon our own ground _bFilipino short stories in English 1956 to 1972 _cAbad, Gemino H. |
||
| 260 |
_aDiliman, Q.C. _bUniversity of the Philippines Press _cc2008 |
||
| 300 |
_a512 p. _c23 cm. |
||
| 521 | _acollege students | ||
| 526 | _c1210L-1700L | ||
| 541 | _j1 | ||
| 541 | _j2 | ||
| 562 | _e1 | ||
| 942 |
_2lcc _cBK _kFIL |
||
| 999 |
_c17927 _d17927 |
||